| 000 | 00959nam a22001337a 4500 | ||
|---|---|---|---|
| 040 | _cRUA | ||
| 082 | _aFOR DOU 2014 B446 Or.1 | ||
| 100 | _aDOUNG CHAM RAEUN ; ដួង ចំរើន | ||
| 245 | _aStudy on disigning preybasak pleasant site to become natural culture tourishim site in basak commun, svaychrum district, svayreing province between 2009-2014 , សិក្សាពីការរៀបចំរមណីយដ្ឋានព្រៃបាសាក់អោយទៅជាតំបន់ទេសចរណ៍វប្បធម៌ធម្មជាតិស្ថិតក្នុងឃុំបាសាក់ ស្រុកស្វាយជ្រុំ ខេត្តស្វាយរៀងចន្លោះឆ្នំា ២០០៩-២០១៤ | ||
| 260 |
_aPhnom Penh _bRUA _c2014 |
||
| 300 |
_ax ;40p. _bill. _c29cm. |
||
| 856 | _uhttps://drive.google.com/file/d/1nCxZJwIg3p1TjY0s8Rusfh5jS1Lk9-Wh/view?usp=sharing | ||
| 942 | _cFOR | ||
| 999 |
_c7274 _d7274 |
||